000
00286nam a22001337a 4500
008
170328b xxu||||| |||| 00| 0 eng d
020
_a
9781570715822
041
_a
eng
080
_a
796.3
100
_a
8
101
_a
SHM
245
_a
AND THE FANS ROARED
_c
GARNER.J
942
_2
udc
_c
BK
999
_c
8831
_d
8831